Riconosci il Pokémon - Quiz n°893 - Statistics

Statistiche generali
  • Questo quiz è stato fatto 3 volte
  • Il punteggio medio è 10 su 10
Statistiche sulle risposte
Indizio Risposta % Corretto
Altezza 2,1 m; > 35,0 m (Gigamax)
100%
Tasso di cattura 25 (7.7%)
100%
Peso 460,0 kg; ???,? kg (Gigamax)
100%
Sesso 87.5% ♂, 12.5% ♀
100%
Abilità Immunità; Grassospesso; Voracità
100%
Tasso di allevamento Lento
100%
Tipo Normale
100%
Generazione Prima
100%
Stadio evoluzione Prima evoluzione
100%
Pokémon Snorlax
100%
Nessun quiz corrispondente trovato
Distribuzione punteggi
Percentuale di utenti per punteggio
Percentile per numero di risposta
I tuoi punteggi nel tempo
Non hai fatto questo quiz